| LEADER | 02175nam a2200253 4500 | ||
|---|---|---|---|
| 082 | |a 551.6 |b H 200 R | ||
| 100 | |a HERMAN | ||
| 245 | |a Thời tiết mỗi ngày và thời tiết hoạt động như thế nào |c Herman, Chneider | ||
| 260 | |a H. |b Giáo dục |c 1996 | ||
| 300 | |a 186tr. |c 21cm | ||
| 520 | |a v.v... | ||
| 653 | |a Khí hậu | ||
| 653 | |a Thời tiết | ||
| 942 | |2 ddc |c STK0 | ||
| 999 | |c 5840 |d 5840 | ||
| 952 | |0 0 |1 0 |2 ddc |4 0 |6 551_600000000000000_H_200_R |7 0 |8 500 |9 53866 |a qbu |b qbu |c D3 |d 2014-12-30 |g 6000 |o 551.6 H 200 R |p 4439.C1 |r 0000-00-00 |w 2014-12-30 |y STK0 |0 0 |6 551_600000000000000_H_200_R | ||
| 952 | |0 0 |1 0 |2 ddc |4 0 |6 551_600000000000000_H_200_R |7 0 |8 500 |9 53867 |a qbu |b qbu |c D3 |d 2014-12-30 |g 6000 |o 551.6 H 200 R |p 4439.C2 |r 0000-00-00 |w 2014-12-30 |y STK0 |0 0 |6 551_600000000000000_H_200_R | ||
| 952 | |0 0 |1 0 |2 ddc |4 0 |6 551_600000000000000_H_200_R |7 0 |8 500 |9 53868 |a qbu |b qbu |c D3 |d 2014-12-30 |g 6000 |l 1 |m 1 |o 551.6 H 200 R |p 4439.C3 |r 2015-09-04 |s 2015-08-24 |w 2014-12-30 |y STK0 |0 0 |6 551_600000000000000_H_200_R | ||
| 952 | |0 0 |1 0 |2 ddc |4 0 |6 551_600000000000000_H_200_R |7 0 |8 500 |9 53869 |a qbu |b qbu |c D3 |d 2014-12-30 |g 6000 |l 1 |o 551.6 H 200 R |p 4439.C4 |r 2015-09-01 |s 2015-08-24 |w 2014-12-30 |y STK0 |0 0 |6 551_600000000000000_H_200_R | ||
| 952 | |0 0 |1 0 |2 ddc |4 0 |6 551_600000000000000_H_200_R |7 0 |8 500 |9 53870 |a qbu |b qbu |c D3 |d 2014-12-30 |g 6000 |o 551.6 H 200 R |p 4439.C5 |r 0000-00-00 |w 2014-12-30 |y STK0 |0 0 |6 551_600000000000000_H_200_R | ||
| 952 | |0 0 |1 0 |2 ddc |4 0 |6 551_600000000000000_H_200_R |7 0 |8 500 |9 53871 |a qbu |b qbu |c D3 |d 2014-12-30 |g 6000 |l 2 |m 2 |o 551.6 H 200 R |p 4439.C6 |r 2016-12-21 |s 2016-11-07 |w 2014-12-30 |y STK0 |0 0 |6 551_600000000000000_H_200_R | ||
| 952 | |0 0 |1 0 |2 ddc |4 0 |6 551_600000000000000_H_200_R |7 0 |8 500 |9 53872 |a qbu |b qbu |c D3 |d 2014-12-30 |g 6000 |o 551.6 H 200 R |p 4439.C7 |r 0000-00-00 |w 2014-12-30 |y STK0 |0 0 |6 551_600000000000000_H_200_R | ||
| 952 | |0 0 |1 0 |2 ddc |4 0 |6 551_600000000000000_H_200_R |7 0 |8 500 |9 53873 |a qbu |b qbu |c D3 |d 2014-12-30 |g 6000 |l 1 |o 551.6 H 200 R |p 4439.C8 |r 2015-08-28 |s 2015-08-24 |w 2014-12-30 |y STK0 |0 0 |6 551_600000000000000_H_200_R | ||
| 952 | |0 0 |1 0 |2 ddc |4 0 |6 551_600000000000000_H_200_R |7 0 |8 500 |9 53874 |a qbu |b qbu |c D3 |d 2014-12-30 |g 6000 |o 551.6 H 200 R |p 4439.C9 |r 0000-00-00 |w 2014-12-30 |y STK0 |0 0 |6 551_600000000000000_H_200_R | ||